| 000 | 00481cam a2200181ua 4500 | ||
|---|---|---|---|
| 020 | _a07 066647 4 | ||
| 041 |
_aeng _h |
||
| 082 |
_a621.4021 _bZEM/HE |
||
| 100 | _aZemonsky, W Mark . | ||
| 245 |
_aHeat and thermodynamics / _cW Mark Zemonsky. _hTextual Documents |
||
| 250 |
_a6 / _b. |
||
| 260 |
_aSingapore : _bMcGraw-Hill International Book Company , _c1981. |
||
| 300 | _a543 ; . | ||
| 504 | _a | ||
| 700 | 1 | _aDittman, Richard H . | |
| 942 | _cBK | ||
| 999 |
_c9034 _d9034 |
||